logo

Bir Sreshtho Munshi Abdur Rouf Library
Jhenaidah Cadet College

The best laid plans / (Record no. 12710)

MARC details
000 -LEADER
fixed length control field 00755nam a2200253 a 4500
001 - CONTROL NUMBER
control field 12710
003 - CONTROL NUMBER IDENTIFIER
control field BD-JhCC
005 - DATE AND TIME OF LATEST TRANSACTION
control field 20230508194852.0
008 - FIXED-LENGTH DATA ELEMENTS--GENERAL INFORMATION
fixed length control field 230508s20201997enk 000 1 eng d
020 ## - INTERNATIONAL STANDARD BOOK NUMBER
International Standard Book Number 9788172234928
020 ## - INTERNATIONAL STANDARD BOOK NUMBER
International Standard Book Number 0002256622 (airport trade paperback)
035 ## - SYSTEM CONTROL NUMBER
System control number (BD-JhCC)12710
040 ## - CATALOGING SOURCE
Original cataloging agency DLC
Transcribing agency DLC
Modifying agency BD-JhCC
082 0# - DEWEY DECIMAL CLASSIFICATION NUMBER
Classification number 813.54
Edition number 21
Item number SHE 2020
100 1# - MAIN ENTRY--PERSONAL NAME
Personal name Sheldon, Sidney.
245 14 - TITLE STATEMENT
Title The best laid plans /
Statement of responsibility, etc. Sidney Sheldon.
260 ## - PUBLICATION, DISTRIBUTION, ETC.
Place of publication, distribution, etc. London :
Name of publisher, distributor, etc. HarperCollins,
Date of publication, distribution, etc. 2020.
300 ## - PHYSICAL DESCRIPTION
Extent 358 p. ;
Dimensions 25 cm.
650 #0 - SUBJECT ADDED ENTRY--TOPICAL TERM
Topical term or geographic name entry element Revenge
Form subdivision Fiction.
650 #0 - SUBJECT ADDED ENTRY--TOPICAL TERM
Topical term or geographic name entry element Power (Social sciences)
Form subdivision Fiction.
650 #0 - SUBJECT ADDED ENTRY--TOPICAL TERM
Topical term or geographic name entry element Presidential candidates
Geographic subdivision United States
Form subdivision Fiction.
650 #0 - SUBJECT ADDED ENTRY--TOPICAL TERM
Topical term or geographic name entry element Young women
Geographic subdivision United States
Form subdivision Fiction.
942 ## - ADDED ENTRY ELEMENTS (KOHA)
Source of classification or shelving scheme Dewey Decimal Classification
Koha item type Books
Holdings
Withdrawn status Lost status Source of classification or shelving scheme Damaged status Not for loan Home library Current library Shelving location Date acquired Cost, normal purchase price Total Checkouts Full call number Barcode Checked out Date last seen Date last checked out Copy number Price effective from Koha item type
    Dewey Decimal Classification     JCC Rouf Library JCC Rouf Library General Stacks 05/08/2023 400.00 20 813.54 SHE 2020 17689 12/08/2025 11/13/2025 11/13/2025 C-1 05/08/2023 Books

JCC Library | Contacts | JCC Home

Last Update on 23 September 2017
Copyright @ 2017-2020 JCC Rouf Library
Rouf Library, Jhenidah Cadet College (JCC), Bangladesh